<?xml version="1.0" encoding="UTF-8"?><?xml-stylesheet type="text/xsl" href="static/style.xsl"?><OAI-PMH xmlns="http://www.openarchives.org/OAI/2.0/" xmlns:xsi="http://www.w3.org/2001/XMLSchema-instance" xsi:schemaLocation="http://www.openarchives.org/OAI/2.0/ http://www.openarchives.org/OAI/2.0/OAI-PMH.xsd"><responseDate>2026-04-13T02:31:59Z</responseDate><request verb="GetRecord" identifier="oai:www.recercat.cat:2072/478637" metadataPrefix="marc">https://recercat.cat/oai/request</request><GetRecord><record><header><identifier>oai:recercat.cat:2072/478637</identifier><datestamp>2024-11-25T03:06:05Z</datestamp><setSpec>com_2072_98</setSpec><setSpec>col_2072_378192</setSpec></header><metadata><record xmlns="http://www.loc.gov/MARC21/slim" xmlns:dcterms="http://purl.org/dc/terms/" xmlns:xsi="http://www.w3.org/2001/XMLSchema-instance" xmlns:doc="http://www.lyncode.com/xoai" xsi:schemaLocation="http://www.loc.gov/MARC21/slim http://www.loc.gov/standards/marcxml/schema/MARC21slim.xsd">
   <leader>00925njm 22002777a 4500</leader>
   <datafield ind2=" " ind1=" " tag="042">
      <subfield code="a">dc</subfield>
   </datafield>
   <datafield ind2=" " ind1=" " tag="720">
      <subfield code="a">Vijayarajan, Jeyalakshmi</subfield>
      <subfield code="e">author</subfield>
   </datafield>
   <datafield ind2=" " ind1=" " tag="720">
      <subfield code="a">Pooja, K</subfield>
      <subfield code="e">author</subfield>
   </datafield>
   <datafield ind2=" " ind1=" " tag="720">
      <subfield code="a">Pethanatchi, C</subfield>
      <subfield code="e">author</subfield>
   </datafield>
   <datafield ind2=" " ind1=" " tag="260">
      <subfield code="c">2024</subfield>
   </datafield>
   <datafield ind2=" " ind1=" " tag="520">
      <subfield code="a">Biometrics is the process of measuring the unique biological traits of an individual for identification and verification purposes. Multiple features are used to enhance the security and robustness of the system. This study concentrates exclusively on the finger and employs two modalities - fingerprint and finger vein. The proposed system utilizes feature extraction for finger vein and two matching algorithms, namely ridge-based matching, and minutiae-based matching, to derive matching scores for both biometrics. The scores from the two modalities are combined using four fusion approaches: holistic fusion, non-linear fusion, sum rule-based fusion, and Dempster-Shafer theory. The ultimate decision is made by the performance metrics and the Receiver Operating Characteristics (ROC) curve of the fusion technique with the best results. The proposed technique is tested on images collected from the "Nanjing University Posts and Telecommunications- Fingerprint and Finger vein dataset (NUPT-FPV)." According to the results, which were obtained for 840 input images the proposed system accomplishes the Equal Error Rate (EER) of 0% while using Dempster Shafer-based fusion and 14% while using the other three fusion techniques. Also, the False Acceptance Rate (FAR) is very low at 0% for all the fusion techniques which are crucial for security and preventing unauthorized access.</subfield>
   </datafield>
   <datafield tag="653" ind2=" " ind1=" ">
      <subfield code="a">Score level fusion</subfield>
   </datafield>
   <datafield tag="653" ind2=" " ind1=" ">
      <subfield code="a">Maximum curvature</subfield>
   </datafield>
   <datafield tag="653" ind2=" " ind1=" ">
      <subfield code="a">Cosine similarity</subfield>
   </datafield>
   <datafield tag="653" ind2=" " ind1=" ">
      <subfield code="a">Holistic fusion</subfield>
   </datafield>
   <datafield tag="653" ind2=" " ind1=" ">
      <subfield code="a">Non-linear fusion</subfield>
   </datafield>
   <datafield tag="653" ind2=" " ind1=" ">
      <subfield code="a">Dempster-Shafer theory</subfield>
   </datafield>
   <datafield ind2="0" ind1="0" tag="245">
      <subfield code="a">Multi-Biometric System Based On The Fusion Of Fingerprint And Finger-Vein</subfield>
   </datafield>
</record></metadata></record></GetRecord></OAI-PMH>